Mời bạn làm quen với vật lý hiện đại /

Bewaard in:
Bibliografische gegevens
Hoofdauteur: Hồ Kim Quang
Andere auteurs: Chi - Sing Lam, Kumar, Narendra
Formaat: Sách giấy
Taal:Vietnamese
Gepubliceerd in: H. : Đại học Quốc gia, 2002
Tags: Voeg label toe
Geen labels, Wees de eerste die dit record labelt!
Thư viện lưu trữ: Thư viện Trường Đại học Đà Lạt
LEADER 00722nam a2200289 4500
001 DLU040028472
005 ##20040617
040 # # |a DLU  |b vie 
041 # # |a vie 
044 # # |a vn 
082 # # |a 539  |b HO-Q 
100 # # |a Hồ Kim Quang 
245 # # |a Mời bạn làm quen với vật lý hiện đại /  |c Hồ Kim Quang, Narendra Kumar, Chi - Sing Lam 
260 # # |a H. :  |b Đại học Quốc gia,  |c 2002 
300 # # |a 667 tr. ;  |c 21 cm 
700 # # |a Chi - Sing Lam 
700 # # |a Kumar, Narendra  
923 # # |a 18/2004 
992 # # |a 55000 
994 # # |a DLU 
900 # # |a True 
911 # # |a Đào Thị Thu Huyền 
925 # # |a G 
926 # # |a A 
927 # # |a SH 
980 # # |a Thư viện Trường Đại học Đà Lạt